Znalostná ekonomika ako dôsledok postupujúcej globalizácie

Globalizácia - pozitívne a negatívne dôsledky. Z hľadiska budúcnosti ľudstva nadobúda podstatný rozmer problematika vplyvu globalizácie na dynamiku ekonomiky a kultúrnosociálnych procesov. V tomto komplexe problémov kľúčová úloha pripadá informačným technológiám, ktoré otvorili cestu ich nevídaného...

Description complète

Enregistré dans:
Détails bibliographiques
Auteur principal: Heretiková, Katarína
Format: Chapitre de livre
Langue:slovaque
Sujets:
Tags: Ajouter un tag
Pas de tags, Soyez le premier à ajouter un tag!

MARC

LEADER 00000nla$a2200000$$$4500
001 0129109
005 20221207081403.5
041 0 |a slo 
044 |a CZ 
245 1 0 |a Znalostná ekonomika ako dôsledok postupujúcej globalizácie  |c Katarína Heretiková 
520 |a Globalizácia - pozitívne a negatívne dôsledky. Z hľadiska budúcnosti ľudstva nadobúda podstatný rozmer problematika vplyvu globalizácie na dynamiku ekonomiky a kultúrnosociálnych procesov. V tomto komplexe problémov kľúčová úloha pripadá informačným technológiám, ktoré otvorili cestu ich nevídaného zrýchlenia, prehĺbenia a rozšírenia. Prechod od industriálnej spoločnosti k znalostnej je súčasne prechodom od neobmedzeného rastu k trvalo udržateľnému rozvoju. 
610 2 0 |a globalizácia hospodárstva 
610 2 0 |a transformácia 
610 2 0 |a spoločnosť vedomostná 
610 2 0 |a ekonomika vedomostná 
610 2 0 |a technológie informačné 
100 1 |a Heretiková, Katarína